000 00478nam a2200169 i 4500
001 72678
003 ES-MaACL
005 20230906171522.0
007 t|
008 040902s1962 sp ||||1| spa d
100 1 _aGobron, J. CH.
_957494
245 1 0 _aManual práctico del tornero y fresador mecánico moderno /
_cJ.CH. Gobron.
250 _a5ª ed.
260 _aBarcelona :
_bSíntes,
_c1962.
300 _a238 p. :
_bil. ;
_c25 cm.
852 _aES-MaACL
_jC-23066
_bR.51791
999 _c72678
_d72678